Parliaments across frontiers : (Record no. 2081)

MARC details
000 -LEADER
fixed length control field 00991nam a2200301 i 4500
001 - CONTROL NUMBER
control field 1781728
003 - CONTROL NUMBER IDENTIFIER
control field OSt
005 - DATE AND TIME OF LATEST TRANSACTION
control field 20230621110039.0
008 - FIXED-LENGTH DATA ELEMENTS--GENERAL INFORMATION
fixed length control field 771209t19761975enk b f001 0 eng
010 ## - LIBRARY OF CONGRESS CONTROL NUMBER
LC control number 77373709
015 ## - NATIONAL BIBLIOGRAPHY NUMBER
National bibliography number GB***
020 ## - INTERNATIONAL STANDARD BOOK NUMBER
International Standard Book Number 0117005681 :
Terms of availability £2.70
040 ## - CATALOGING SOURCE
Original cataloging agency DLC
Transcribing agency DLC
Modifying agency DLC
050 00 - LIBRARY OF CONGRESS CALL NUMBER
Classification number JX1930.I71
Item number D68 1976
082 00 - DEWEY DECIMAL CLASSIFICATION NUMBER
Classification number 328/.3/0621
Item number IPU
100 1# - MAIN ENTRY--PERSONAL NAME
Personal name Douglas, James.
245 10 - TITLE STATEMENT
Title Parliaments across frontiers :
Remainder of title a short history of the Inter-parliamentary Union /
Statement of responsibility, etc. James Douglas.
250 ## - EDITION STATEMENT
Edition statement 2d ed.
260 ## - PUBLICATION, DISTRIBUTION, ETC. (IMPRINT)
Place of publication, distribution, etc. London :
Name of publisher, distributor, etc. H.M. Stationery Off.,
Date of publication, distribution, etc. 1976, c1975.
300 ## - PHYSICAL DESCRIPTION
Extent ix, 108 p. ;
Dimensions 25 cm.
500 ## - GENERAL NOTE
General note Published in celebration of the 62d annual conference of the Inter-parliamentary Union in London in 1975.
500 ## - GENERAL NOTE
General note Includes index.
504 ## - BIBLIOGRAPHY, ETC. NOTE
Bibliography, etc Bibliography: p. 101-106.
610 20 - SUBJECT ADDED ENTRY--CORPORATE NAME
Corporate name or jurisdiction name as entry element Inter-parliamentary Union.
710 2# - ADDED ENTRY--CORPORATE NAME
Corporate name or jurisdiction name as entry element Inter-parliamentary Union.
906 ## - LOCAL DATA ELEMENT F, LDF (RLIN)
a 7
b cbc
c orignew
d 4
e ncip
f 19
g y-gencatlg
942 ## - ADDED ENTRY ELEMENTS (KOHA)
Source of classification or shelving scheme Dewey Decimal Classification
Koha item type Books
Holdings
Withdrawn status Lost status Source of classification or shelving scheme Damaged status Not for loan Home library Current library Date acquired Total Checkouts Full call number Barcode Date last seen Price effective from Koha item type
    Dewey Decimal Classification     County Hall Archives County Hall Archives 06/21/2023   328/.3/0621 IPU 10011440 06/21/2023 06/21/2023 Books
LIBRARY OPENING HOURS

When the Parliament is sitting: 8.00a.m - 7.00p.m or until the house adjourns
Mondays and Fridays and when the House is on Recess:  8.00a.m - 5.00p.m
Closed on Weekends and Public Holidays

Online Public Access Catalog (OPAC)
Website: http://www.parliament.go.ke
Bunge Library: https://libraryir.parliament.go.ke
Contact: library@parliament.go.ke | Tel no: (254-2)2221291 or 2848000 Ext 5043